Drawing and designing with confidence : (Record no. 353610)

000 -LEADER
fixed length control field 00789nam a22002297a 4500
003 - CONTROL NUMBER IDENTIFIER
control field OSt
005 - DATE AND TIME OF LATEST TRANSACTION
control field 20180116192413.0
008 - FIXED-LENGTH DATA ELEMENTS--GENERAL INFORMATION
fixed length control field 130122t1993 xxu||||| |||| 00| 0 eng d
020 ## - INTERNATIONAL STANDARD BOOK NUMBER
International Standard Book Number 0442001762
020 ## - INTERNATIONAL STANDARD BOOK NUMBER
International Standard Book Number 9780471283904
040 ## - CATALOGING SOURCE
Transcribing agency 0
082 ## - DEWEY DECIMAL CLASSIFICATION NUMBER
Classification number 720.284
100 1# - MAIN ENTRY--PERSONAL NAME
Personal name Lin, Mike W.
9 (RLIN) 6189
245 10 - TITLE STATEMENT
Title Drawing and designing with confidence :
Remainder of title a step-by-step guide /
Statement of responsibility, etc. Mike W. Lin.
260 ## - PUBLICATION, DISTRIBUTION, ETC.
Place of publication, distribution, etc. New York :
Name of publisher, distributor, etc. Van Nostrand Reinhold,
Date of publication, distribution, etc. c1993.
300 ## - PHYSICAL DESCRIPTION
Extent ix, 198 p. :
Other physical details ill. (some col.) ;
Dimensions 23 x 29 cm.
504 ## - BIBLIOGRAPHY, ETC. NOTE
Bibliography, etc. note Includes bibliographical references (p. 193) and index.
650 ## - SUBJECT ADDED ENTRY--TOPICAL TERM
Topical term or geographic name entry element Architectural drawing
General subdivision Technique.
9 (RLIN) 6190
650 ## - SUBJECT ADDED ENTRY--TOPICAL TERM
Topical term or geographic name entry element Architectural design
General subdivision Technique.
9 (RLIN) 6191
942 ## - ADDED ENTRY ELEMENTS (KOHA)
Source of classification or shelving scheme
Koha item type Book
Holdings
Withdrawn status Lost status Source of classification or shelving scheme Damaged status Not for loan Permanent Location Current Location Date acquired Total Checkouts Total Renewals Full call number Barcode Date last seen Date last checked out Cost, replacement price Price effective from Koha item type
          School of Art Design and Architecture (SADA) School of Art Design and Architecture (SADA) 08/24/2012 17 14 720.284 LIN 1993 SADA0001800 01/08/2016 12/14/2015 4718.00 01/22/2013 Book
© 2023 Central Library, National University of Sciences and Technology. All Rights Reserved.